00904nam a2200205 i 450000100060000000300090000600500170001500700030003200800410003510000390007624501650011526000620028030000220034249000450036465000360040983000530044585200620049899900170056095201210057755952ES-MaACL20250805062545.0t|030930s1915 sp |||| | spa d1 aDíaz Fernández, Valero.94427814aLos grandes problemas b: I. La crisis del Estado y su necesaria transformación, II. Necesidad de hacer coactiva parte de la moral, III. Los abismos sociales. aMadrid : b[s.n.], c1915 (fEst. Tip. de Cleto Vallinas) a203 p. ; c20 cm.1 aObras de Valero Díaz Fernández ; v1 4aPolítica-xFilosofía9162740 aObras de Valero Díaz Fernández ; v19230367 aES-MaACLjD-1754 z. - Dedicatoria. autógrafa del autor c55952d55952 00104070aATENEOMbATENEOMcSVId2008-01-17eSCl0oD-1754p901058773r2023-02-23 00:00:00w2023-02-23yMONOGRAFIA